000
00281nam a2200109Ia 4500
001
1275968
005
20260417160438.0
008
260417s9999 xx 000 0 und d
020
_a
9786256126961
245
0
_a
Dostluk İçin Birkaç Tebeşir
_c
Anne Booth
260
_b
Ketebe Çocuk
999
_c
1275968
_d
1275968